00529 2200205 4500001002100000005001800021008004100039035002400080082001000104090001700114100001300131245005400144250001800198260002200216300003200238650001300270850001500283990001400298990001100312YOGYA-0211000000636420110210123541498 ind  0010-021100000006364 a629.2 a537.5bBun T aBuntarto aTeknik dasar-dasar otomotif bagi pemulacBuntarto aEd. 1, cet. 1 aSolobAnekac1996 aviii, 239 hlm.;ilus.;21 cm. aOtomotif aYOPDYOG[B] a7714-Pb1 a7714-P